State quiz- Alaska - Statistics

General Stats
  • This quiz has been taken 15 times
  • The average score is 11 of 24
Answer Stats
Questions Answer % Correct
12) Alaskas largest and most populated city Anchorage
93%
3) Highest point in NorthAmerica Denali
87%
1) 2nd largest city Fairbanks
87%
10) The US purchased Alaska from Russia
87%
5) Alaskas capital Juneau
80%
4) Former name of the above,named for a US president McKinley
80%
6) Canadian territory that bordersAlaska Yukon
80%
13) String of islands stretching from the mainlandinto the middle of the Pacific Ocean Aleutian
73%
18) Remote gold rush city on the above sea, onlyaccessible by plane or boat Nome
73%
17) Strait and sea in western Alaska separatingthe US from the Russian mainland Bering
60%
15) Nickname for the US purchase of Alaska,named for the Secretary of State Sewards Folly
47%
7) Current native name of Barrow Utqiagvik
47%
2) Alaskas nickname Last Frontier
40%
23) City home to former governor Sarah Palin and theIditarod Sled Dog race Wasilla
40%
11) The transfer of Alaska to the US was held inthis southern city in 1867 Sitka
33%
16) Town located in the glacial fjords of PrinceWilliam Sound in southern Alaska Valdez
33%
24) Town on Revillagigedo Island in southeast Alaska,the site of many cruise ships Ketchikan
27%
22) City in southern Alaska on Kachemak Bay Homer
20%
20) Alaskan town where nearly all residents livein one giant building with a school, hospital, and store Whittier
20%
9) This oil field town on the Arctic Ocean is vitalfor petroleum production Prudhoe Bay
13%
21) Small town that is now the westernmost townin the US, site of a former military base Adak
7%
25) Largest community in western Alaska and theUnorganized Borough Bethel
7%
8) Treacherous 414 mile highway that leads from Fairbanks to Deadhorse Dalton
7%
14) Largest community in the above islands Unalaska
7%
No matching quizzes found
Score Distribution
Percent of People with Each Score
Percentile by Number Answered
Your Score History
You have not taken this quiz